000 00431nam a22001337a 4500
999 _c4707
_d4707
008 161125b xxu||||| |||| 00| 0 eng d
020 _a0-19-521605-9
082 _a658.15 WOR
245 _aFinance for Growth:
_bPolicy Choices in a Volatile World/
_cThe World Bank.-
_hEnglish.
260 _aWashington,D.C:
_bOxford University Press,
_c2001.
300 _a211p.;
_bIll.;
_c24cm.-
650 _2Financial Management
942 _2ddc
_cBOOKS